000 00682nam a2200205Ii 4500
003 JO-AjNU
008 230605s9999||||xx |||||||||||||| ||und||
040 _aJO-AjNU
_bara
_erda
_cJO-AjNU
041 _aara
050 1 4 _aKMM279.G48.1988
100 3 _aالغويري، أحمد عودة ,
_eauthor
_946770
245 0 0 _aقضاء الإلغاء في الأردن " دراسة مقارنة "
250 _a(د،ط)
264 3 1 _aعمان : أحمد عودة الغويري ،1988
300 _a471ص
336 _atext
_btxt
_2rdacontent
337 _aunmediated
_bn
_2rdamedia
338 _avolume
_bnc
_2rdacarrier
650 4 _aقضاء الالغاء -- الاردن
_946771
999 _aA20371
_c23939
_d23939